| 000 | 00370nam a22001337a 4500 | ||
|---|---|---|---|
| 082 |
_a891.4393 _bQUD _cN-01, P-48 |
||
| 100 |
_aBano Qudsia _99437 |
||
| 245 |
_aسامان وجود _cBano Qudsia |
||
| 260 |
_aLahore, Pakistan _bSang-e-Meel Publications _c1999 |
||
| 300 | _a206 p. : | ||
| 526 |
_a0 _b0 _c0 _d891_439300000000000_QUD |
||
| 650 |
_aMCE _9379 |
||
| 942 |
_2ddc _cBK |
||
| 999 |
_c550282 _d550282 |
||